000 00651nam a2200289Ia 4500
005 20260324132849.0
008 008 260324s9999 xx 000 0 eng d
020 _a9780203505007
037 _aEBOOK
040 _aCRL
040 _beng
040 _cCRL
041 _2eng
041 _aeng
084 _qCRL
100 _aKaren Kilby
_91190909
245 0 _aKarl Rahner
245 0 _bTheology and Philosophy
260 _bTaylor and Francis
260 _c2004
365 _a
365 _b220
856 _uhttp://www.taylorfrancis.com/books/9780203505007
942 _cEBOOK
999 _c1789390
_d1789390